Loading...
| History - European History | 3 | 4 | 1 | 1 | 80 | 37 | 73.43 | 6 | 7 |
| 2 | 5 | 2 | 1 | 70 | 45 | 87.57 | 5 | 7 | |
| History - World History | 2 | 4 | 1 | 0 | 65 | 31 | 65.50 | 6 | 6 |
| History - American History | 3 | 1 | 1 | 0 | 50 | 51 | 67.25 | 2 | 4 |
| Beliefs | 0 | 4 | 0 | 0 | 40 | 71 | 92.25 | 2 | 4 |
| Fine Arts - Auditory Fine Arts | 1 | 2 | 1 | 0 | 30 | 79 | 87.00 | 2 | 3 |
| Geography | 0 | 2 | 0 | 0 | 20 | 93 | 94.00 | 1 | 2 |
| Literature - European Literature | 0 | 2 | 0 | 0 | 20 | 106 | 106.00 | 0 | 2 |
| Science - Biology | 0 | 2 | 1 | 0 | 15 | 117 | 120.50 | 2 | 2 |
| Literature - American Literature | 1 | 0 | 0 | 0 | 15 | 71 | 71.00 | 1 | 1 |
| Other Arts: Visual | 0 | 1 | 0 | 0 | 10 | 121 | 121.00 | 1 | 1 |
| Literature - British Literature | 0 | 1 | 0 | 0 | 10 | 110 | 110.00 | 1 | 1 |
| Science - Chemistry | 0 | 1 | 0 | 1 | 10 | 110 | 110.00 | 0 | 1 |
| Philosophy | 0 | 0 | 1 | 0 | -5 | 0.00 | 0 | 0 | |
| Other Academic | 0 | 0 | 1 | 0 | -5 | 0.00 | 0 | 0 | |
| Current Events | 0 | 0 | 1 | 0 | -5 | 0.00 | 0 | 0 | |
| Social Science | 0 | 0 | 1 | 0 | -5 | 0.00 | 0 | 0 | |
| Other Science: Earth Science | 0 | 0 | 1 | 0 | -5 | 0.00 | 0 | 0 |